[Event "13. Ciudad de Dos Hermanas B"]
[Site "Dos Hermanas ESP"]
[Date "2005.04.08"]
[Round "8.3"]
[White "Garcia Luque, Agustin"]
[Black "Campora, Daniel Hugo"]
[Result "0-1"]
[WhiteElo "2376"]
[BlackElo "2545"]
[PlyCount "74"]
[EventDate "2005.04.01"]
[EventType "tourn"]
[EventRounds "1"]
[EventCountry "ESP"]
[Source "lmi"]
[SourceDate "2005.04.09"]

1. Nf3 c5 2. g3 Nc6 3. Bg2 e5 4. O-O g6 5. b4 cxb4 6. Bb2 Bg7 7. a3 bxa3 8.
Nxa3 Nge7 9. Nc4 d5 10. Ncxe5 O-O 11. Nxc6 Nxc6 12. Bxg7 Kxg7 13. Qb1 Qf6 14.
Ra4 Rd8 15. Rf4 Qe7 16. h4 Kg8 17. Qb2 Rd6 18. d3 Be6 19. Ng5 Rad8 20. c4 dxc4
21. Ne4 Nd4 22. Nxd6 c3 23. Qxb7 Nxe2+ 24. Kh2 Qxd6 25. Ra4 c2 26. Qb2 Rc8 27.
h5 c1=Q 28. Rxc1 Nxc1 29. hxg6 fxg6 30. Rxa7 Bf7 31. Qb7 Rf8 32. Ra6 Qd4 33.
Qe7 Qxf2 34. Rf6 Qe2 35. Rxf7 Rxf7 36. Qd8+ Kg7 37. Qd4+ Kh6 0-1

[Event "13. Ciudad de Dos Hermanas B"]
[Site "Dos Hermanas ESP"]
[Date "2005.04.08"]
[Round "8.4"]
[White "Teran Alvarez, Ismael"]
[Black "Matamoros Franco, Carlos S"]
[Result "1/2-1/2"]
[WhiteElo "2430"]
[BlackElo "2498"]
[PlyCount "41"]
[EventDate "2005.04.01"]
[EventType "tourn"]
[EventRounds "1"]
[EventCountry "ESP"]
[Source "lmi"]
[SourceDate "2005.04.09"]

1. e4 e6 2. d4 d5 3. Nd2 dxe4 4. Nxe4 Bd7 5. Nf3 Bc6 6. Bd3 Nd7 7. O-O Ngf6 8.
Qe2 Bxe4 9. Bxe4 Nxe4 10. Qxe4 c6 11. b3 Be7 12. Bb2 O-O 13. c4 Qa5 14. Rfe1
Ba3 15. Qc2 Bxb2 16. Qxb2 Rad8 17. Rad1 Nf6 18. Ne5 Nd7 19. Nf3 Nf6 20. Ne5 Nd7
21. Nf3 1/2-1/2

[Event "13. Ciudad de Dos Hermanas B"]
[Site "Dos Hermanas ESP"]
[Date "2005.04.08"]
[Round "8.5"]
[White "Rodriguez Guerrero, Enrique"]
[Black "Perez Candelario, Manuel"]
[Result "1/2-1/2"]
[WhiteElo "2449"]
[BlackElo "2495"]
[PlyCount "74"]
[EventDate "2005.04.01"]
[EventType "tourn"]
[EventRounds "1"]
[EventCountry "ESP"]
[Source "lmi"]
[SourceDate "2005.04.09"]

1. e4 e5 2. Nf3 Nc6 3. Bb5 a6 4. Ba4 Nf6 5. O-O Be7 6. Re1 b5 7. Bb3 d6 8. c3
O-O 9. d4 Bg4 10. Be3 exd4 11. cxd4 Na5 12. Bc2 Nc4 13. Bc1 Nd7 14. Nc3 c5 15.
Nd5 cxd4 16. Qxd4 Nde5 17. Nd2 Bf6 18. Nxf6+ Qxf6 19. f4 Rfd8 20. Nb3 Qh4 21.
Qf2 Qxf2+ 22. Kxf2 Nc6 23. a4 f6 24. Bb1 Kf8 25. axb5 axb5 26. Rxa8 Rxa8 27.
Nd2 Ra1 28. Nxc4 bxc4 29. Bd2 h6 30. Bc3 Ke7 31. Bc2 Ra2 32. Ke3 Be6 33. Bb1
Ra6 34. Bc2 Ra2 35. Bb1 Ra6 36. Bc2 Ra2 37. Bb1 Ra6 1/2-1/2

[Event "13. Ciudad de Dos Hermanas B"]
[Site "Dos Hermanas ESP"]
[Date "2005.04.09"]
[Round "9.2"]
[White "Matamoros Franco, Carlos S"]
[Black "Rodriguez Guerrero, Enrique"]
[Result "1/2-1/2"]
[WhiteElo "2498"]
[BlackElo "2449"]
[PlyCount "34"]
[EventDate "2005.04.01"]
[EventType "tourn"]
[EventRounds "1"]
[EventCountry "ESP"]
[Source "lmi"]
[SourceDate "2005.04.09"]

1. d4 d5 2. c4 c6 3. cxd5 cxd5 4. Bf4 Nc6 5. e3 Nf6 6. Nc3 a6 7. Nf3 Bg4 8. Be2
e6 9. Ne5 Bxe2 10. Qxe2 Rc8 11. O-O Be7 12. Rfc1 O-O 13. Qd1 Ne8 14. Nxc6 Rxc6
15. Na4 Rxc1 16. Rxc1 Bd6 17. Bxd6 Nxd6 1/2-1/2

[Event "13. Ciudad de Dos Hermanas B"]
[Site "Dos Hermanas ESP"]
[Date "2005.04.09"]
[Round "9.3"]
[White "Campora, Daniel Hugo"]
[Black "Teran Alvarez, Ismael"]
[Result "1-0"]
[WhiteElo "2545"]
[BlackElo "2430"]
[PlyCount "65"]
[EventDate "2005.04.01"]
[EventType "tourn"]
[EventRounds "1"]
[EventCountry "ESP"]
[Source "lmi"]
[SourceDate "2005.04.09"]

1. Nf3 c5 2. g3 Nc6 3. d4 cxd4 4. Nxd4 e5 5. Nb5 d6 6. Bg2 Be6 7. O-O Be7 8.
N1c3 a6 9. Na3 h6 10. Nd5 Nf6 11. c4 O-O 12. Be3 Rc8 13. Rc1 Ng4 14. Bb6 Qd7
15. c5 Bxd5 16. Bxd5 Nf6 17. cxd6 Nxd5 18. Qxd5 Qxd6 19. Qxd6 Bxd6 20. Nc4 Bb8
21. Rfd1 f6 22. Kf1 h5 23. a3 Rf7 24. Na5 Na7 25. Rxc8+ Nxc8 26. Rd8+ Rf8 27.
Rxf8+ Kxf8 28. Bc5+ Kf7 29. Nxb7 Ke6 30. e4 Bc7 31. Ke2 Nb6 32. h3 Kd7 33. Be3
1-0

[Event "13. Ciudad de Dos Hermanas B"]
[Site "Dos Hermanas ESP"]
[Date "2005.04.09"]
[Round "9.5"]
[White "Fernandez Romero, Ernesto"]
[Black "Franco Ocampos, Zenon"]
[Result "1/2-1/2"]
[WhiteElo "2449"]
[BlackElo "2529"]
[PlyCount "24"]
[EventDate "2005.04.01"]
[EventType "tourn"]
[EventRounds "1"]
[EventCountry "ESP"]
[Source "lmi"]
[SourceDate "2005.04.09"]

1. e4 c5 2. Nf3 Nc6 3. d4 cxd4 4. Nxd4 Nf6 5. Nc3 e6 6. Ndb5 Bb4 7. a3 Bxc3+ 8.
Nxc3 d5 9. Bd3 Ne5 10. O-O dxe4 11. Bxe4 Qxd1 12. Rxd1 Nxe4 1/2-1/2

[Event "13. Ciudad de Dos Hermanas C"]
[Site "Dos Hermanas ESP"]
[Date "2005.04.01"]
[Round "1.1"]
[White "Gutierrez Jimenez, Juan Manuel"]
[Black "Escobar Dominguez, Daniel"]
[Result "1-0"]
[WhiteElo "2150"]
[BlackElo "2351"]
[PlyCount "123"]
[EventDate "2005.04.01"]
[EventType "tourn"]
[EventRounds "1"]
[EventCountry "ESP"]
[Source "lmi"]
[SourceDate "2005.04.09"]

1. e4 c5 2. Nf3 e6 3. d4 cxd4 4. Nxd4 a6 5. g3 Qc7 6. Bg2 Nc6 7. Nc3 Nf6 8. O-O
d6 9. b3 Be7 10. Bb2 O-O 11. Qd2 Nxd4 12. Qxd4 b5 13. a4 e5 14. Qd2 b4 15. Na2
a5 16. c3 Bb7 17. Rfe1 Rfc8 18. cxb4 axb4 19. Rac1 Qd8 20. Nxb4 Rcb8 21. Bc3
Nd7 22. Rb1 Nc5 23. h4 Qd7 24. Nd3 Ne6 25. Nxe5 Qd8 26. Nc4 Nc5 27. Ba5 Qe8 28.
Bc7 Rc8 29. Bxd6 Rd8 30. e5 Bxg2 31. Kxg2 Qc6+ 32. Kg1 Nxb3 33. Rxb3 Qxc4 34.
Qb4 Qxb4 35. Bxb4 Bxb4 36. Rxb4 h5 37. e6 f6 38. Kg2 Rd6 39. f4 f5 40. Rb5 g6
41. e7 Kf7 42. Rbe5 Re8 43. a5 Rd2+ 44. R1e2 Rd6 45. Kf2 Rc6 46. Ke1 Rc1+ 47.
Kd2 Ra1 48. R2e3 Ra2+ 49. Kc3 Ra1 50. Kb2 Ra4 51. Ra3 Rb4+ 52. Kc3 Rb7 53. a6
Rc8+ 54. Kd3 Rd7+ 55. Ke3 Ke8 56. Rd3 Rxe7 57. Rxe7+ Kxe7 58. Ra3 Kd6 59. a7
Ra8 60. Kd4 Kd7 61. Kd5 Kc7 62. Ke6 1-0

[Event "13. Ciudad de Dos Hermanas C"]
[Site "Dos Hermanas ESP"]
[Date "2005.04.01"]
[Round "1.2"]
[White "Hidalgo Begines, Pablo"]
[Black "Garrido Dominguez, Jesus"]
[Result "1/2-1/2"]
[WhiteElo "2142"]
[BlackElo "2315"]
[PlyCount "168"]
[EventDate "2005.04.01"]
[EventType "tourn"]
[EventRounds "1"]
[EventCountry "ESP"]
[Source "lmi"]
[SourceDate "2005.04.09"]

1. d4 Nf6 2. Nf3 g6 3. Bf4 Bg7 4. e3 d6 5. h3 O-O 6. Be2 Nbd7 7. O-O b6 8. c4
c5 9. Nc3 Bb7 10. a3 Rc8 11. Rc1 cxd4 12. exd4 Nh5 13. Be3 Bxf3 14. Bxf3 Rxc4
15. Bxh5 gxh5 16. b3 Rc7 17. Qxh5 Nf6 18. Qf3 Qd7 19. Nd5 Nxd5 20. Qxd5 e6 21.
Rxc7 Qxc7 22. Qb5 Qe7 23. Rc1 f5 24. f3 f4 25. Bf2 Kh8 26. d5 Qg5 27. h4 Qxd5
28. Qxd5 exd5 29. Rd1 Rf5 30. Kf1 Kg8 31. Ke2 Kf7 32. Rc1 Ke6 33. Rc7 Rf7 34.
Rxf7 Kxf7 35. a4 Ke6 36. Kd3 Be5 37. a5 d4 38. axb6 axb6 39. Be1 Kd5 40. Bd2
Ke6 41. Kc4 b5+ 42. Kd3 Kf5 43. Be1 Bf6 44. Bf2 d5 45. Be1 Kg6 46. Bf2 Be5 47.
Be1 Kh5 48. Bf2 Bf6 49. Kd2 Bxh4 50. Bxd4 Kg5 51. Bc5 Kf5 52. Kd3 Bf6 53. Bf2
Bd8 54. Bc5 Ke5 55. Bf2 Kd6 56. Bd4 Ba5 57. Bf2 Bb4 58. Bd4 Bc5 59. Bg7 Be3 60.
Bf6 Ke6 61. Bd8 Bc5 62. Bh4 Ke5 63. Bd8 Kd6 64. Bf6 Kc6 65. Bd8 Bd6 66. Ba5 Be5
67. Bd8 Kc5 68. Ba5 h5 69. Bd2 Kd6 70. Be1 Ke6 71. Bh4 Kf5 72. Bf2 Kg5 73. Be1
Bf6 74. Bf2 Bd8 75. Bc5 h4 76. Bf2 Ba5 77. Bc5 Kf5 78. Be7 Be1 79. Kd4 Ke6 80.
Bg5 Bf2+ 81. Kd3 Kf5 82. Be7 Kg6 83. Bd8 Kh5 84. Be7 Kg6 1/2-1/2

[Event "13. Ciudad de Dos Hermanas C"]
[Site "Dos Hermanas ESP"]
[Date "2005.04.01"]
[Round "1.3"]
[White "Razmyslov, Alexander"]
[Black "Fernandez Garcia, Jose Luis"]
[Result "1/2-1/2"]
[WhiteElo "2325"]
[BlackElo "2468"]
[PlyCount "68"]
[EventDate "2005.04.01"]
[EventType "tourn"]
[EventRounds "1"]
[EventCountry "ESP"]
[Source "lmi"]
[SourceDate "2005.04.09"]

1. d4 Nf6 2. c4 g6 3. Nc3 d5 4. Nf3 Bg7 5. Bg5 Ne4 6. cxd5 Nxg5 7. Nxg5 O-O 8.
Nf3 c6 9. e3 cxd5 10. Qb3 e6 11. Bd3 Nc6 12. O-O Qe7 13. Rac1 Bd7 14. Bb5 Rfc8
15. Bxc6 Bxc6 16. Ne2 Qe8 17. Nc3 Qe7 18. Ne2 a5 19. a3 Qe8 20. Nc3 a4 21. Qd1
Bb5 22. Re1 Bc4 23. Ne5 b5 24. Nxc4 Rxc4 25. Na2 Bf8 26. Rxc4 bxc4 27. Nc3 Qc6
28. Re2 Rb8 29. Rc2 Rb3 30. g3 Be7 31. e4 dxe4 32. d5 exd5 33. Qxd5 Rxc3 34.
Qxc6 Rxc2 1/2-1/2

[Event "13. Ciudad de Dos Hermanas C"]
[Site "Dos Hermanas ESP"]
[Date "2005.04.01"]
[Round "1.4"]
[White "Kononenko, Tatiana"]
[Black "Barrero Garcia, Carlos"]
[Result "1/2-1/2"]
[WhiteElo "2416"]
[BlackElo "2337"]
[PlyCount "51"]
[EventDate "2005.04.01"]
[EventType "tourn"]
[EventRounds "1"]
[EventCountry "ESP"]
[Source "lmi"]
[SourceDate "2005.04.09"]

1. d4 d5 2. c4 e5 3. e3 exd4 4. exd4 Nf6 5. Nc3 Be7 6. Nf3 O-O 7. Be2 dxc4 8.
Bxc4 Bg4 9. O-O Nc6 10. Be3 a6 11. Re1 Bxf3 12. Qxf3 Nxd4 13. Bxd4 Qxd4 14.
Bxa6 Rxa6 15. Rxe7 Rc6 16. Rd1 Qb4 17. Qe2 Rd6 18. Rxd6 Qxd6 19. h3 b6 20. Nb5
Qd5 21. Nxc7 Qxa2 22. Qb5 Qb1+ 23. Kh2 Qg6 24. Qe5 h6 25. Qd4 Rc8 26. Nd5
1/2-1/2

[Event "13. Ciudad de Dos Hermanas C"]
[Site "Dos Hermanas ESP"]
[Date "2005.04.02"]
[Round "2.2"]
[White "Barrero Garcia, Carlos"]
[Black "Komljenovic, Davor"]
[Result "0-1"]
[WhiteElo "2337"]
[BlackElo "2477"]
[PlyCount "52"]
[EventDate "2005.04.01"]
[EventType "tourn"]
[EventRounds "1"]
[EventCountry "ESP"]
[Source "lmi"]
[SourceDate "2005.04.09"]

1. e4 c5 2. Nf3 e6 3. d4 cxd4 4. Nxd4 a6 5. c4 Nf6 6. Nc3 Qc7 7. a4 b6 8. Be3
Bb7 9. f3 d6 10. Be2 Nbd7 11. O-O Be7 12. Rc1 O-O 13. b4 Rfe8 14. Kh1 Rac8 15.
Nb3 Qb8 16. Qd2 Bd8 17. Rfd1 Bc7 18. Bg1 Rcd8 19. Bf1 d5 20. cxd5 exd5 21. exd5
Bf4 22. Qb2 Bxc1 23. Qxc1 Qe5 24. Bd4 Qh5 25. d6 Re6 26. Qf4 Nd5 0-1

[Event "13. Ciudad de Dos Hermanas C"]
[Site "Dos Hermanas ESP"]
[Date "2005.04.02"]
[Round "2.4"]
[White "Garrido Dominguez, Jesus"]
[Black "Razmyslov, Alexander"]
[Result "1/2-1/2"]
[WhiteElo "2315"]
[BlackElo "2325"]
[PlyCount "61"]
[EventDate "2005.04.01"]
[EventType "tourn"]
[EventRounds "1"]
[EventCountry "ESP"]
[Source "lmi"]
[SourceDate "2005.04.09"]

1. e4 c5 2. Nf3 Nf6 3. Nc3 d5 4. e5 Ne4 5. Ne2 c4 6. d3 Qa5+ 7. c3 cxd3 8. Ng3
d2+ 9. Nxd2 Nxg3 10. hxg3 Nc6 11. Nb3 Qd8 12. f4 g6 13. Be3 Bg7 14. Qd2 Bg4 15.
Be2 Bxe2 16. Qxe2 e6 17. O-O-O Qc7 18. Kb1 O-O-O 19. g4 Kb8 20. g5 h5 21. gxh6
Rxh6 22. Rxh6 Bxh6 23. Rh1 Rh8 24. g3 Qc8 25. Nc5 Bg7 26. Rxh8 Bxh8 27. Qb5 Bg7
28. Na6+ Ka8 29. Nb4 Bf8 30. Bc5 Nxb4 31. Bxb4 1/2-1/2

[Event "13. Ciudad de Dos Hermanas C"]
[Site "Dos Hermanas ESP"]
[Date "2005.04.02"]
[Round "2.5"]
[White "Gutierrez Jimenez, Juan Manuel"]
[Black "Hidalgo Begines, Pablo"]
[Result "1-0"]
[WhiteElo "2150"]
[BlackElo "2142"]
[PlyCount "123"]
[EventDate "2005.04.01"]
[EventType "tourn"]
[EventRounds "1"]
[EventCountry "ESP"]
[Source "lmi"]
[SourceDate "2005.04.09"]

1. e4 e6 2. c4 d5 3. cxd5 exd5 4. exd5 Nf6 5. Nc3 Nxd5 6. Bc4 Nf4 7. Qa4+ c6 8.
Bxf7+ Kxf7 9. Qxf4+ Qf6 10. d4 Bd6 11. Qxf6+ gxf6 12. Nge2 Bb4 13. O-O Bxc3 14.
Nxc3 Bf5 15. Bf4 Na6 16. a3 Rad8 17. Rad1 Rd7 18. Rd2 Rhd8 19. Rfd1 Be6 20. b4
Bc4 21. Ne4 b5 22. f3 Bb3 23. Rc1 Bc4 24. Be3 Nc7 25. Bf2 Nd5 26. g3 Nb6 27. g4
Nd5 28. Bh4 a5 29. bxa5 Ra7 30. Nc5 Re8 31. Ne4 Re6 32. Bg3 Rxa5 33. Bd6 Ra8
34. Kf2 Rd8 35. Bc5 Nf4 36. Rc3 Nh3+ 37. Kg3 Ng5 38. Re3 Nxe4+ 39. fxe4 Rde8
40. Kf4 Rh8 41. Rh3 Kg6 42. Rd1 Rhe8 43. Re1 Ba2 44. Rg3 Bc4 45. Ree3 Ba2 46.
h4 Bb1 47. e5 fxe5+ 48. dxe5 Rd8 49. Bd6 Ba2 50. h5+ Kg7 51. g5 Rd7 52. Kg4 Bd5
53. Rd3 Bc4 54. Bf8+ Kxf8 55. Rxd7 Rxe5 56. Rxh7 Be6+ 57. Kf4 Rf5+ 58. Ke3 Re5+
59. Kf2 Bd5 60. Rc7 Rf5+ 61. Ke3 Kg8 62. h6 1-0

[Event "13. Ciudad de Dos Hermanas C"]
[Site "Dos Hermanas ESP"]
[Date "2005.04.03"]
[Round "3.2"]
[White "Razmyslov, Alexander"]
[Black "Gutierrez Jimenez, Juan Manuel"]
[Result "1/2-1/2"]
[WhiteElo "2325"]
[BlackElo "2150"]
[PlyCount "56"]
[EventDate "2005.04.01"]
[EventType "tourn"]
[EventRounds "1"]
[EventCountry "ESP"]
[Source "lmi"]
[SourceDate "2005.04.09"]

1. c4 Nf6 2. Nc3 b6 3. e4 d6 4. g3 Bb7 5. Bg2 c5 6. Nge2 Nc6 7. O-O e5 8. d3
Be7 9. a3 h5 10. Nd5 h4 11. Nxe7 Qxe7 12. Bg5 Qe6 13. b4 hxg3 14. fxg3 Ng4 15.
h3 Qg6 16. Bd2 Nf6 17. Rf5 Nh7 18. b5 Ne7 19. Qf1 Rd8 20. g4 f6 21. Rf2 Bc8 22.
Ng3 Ng5 23. a4 Ne6 24. a5 Nd4 25. axb6 axb6 26. Ra7 Bxg4 27. hxg4 Qxg4 28. Rf3
Rd7 1/2-1/2

[Event "13. Ciudad de Dos Hermanas C"]
[Site "Dos Hermanas ESP"]
[Date "2005.04.03"]
[Round "3.3"]
[White "Kononenko, Tatiana"]
[Black "Garrido Dominguez, Jesus"]
[Result "1-0"]
[WhiteElo "2416"]
[BlackElo "2315"]
[PlyCount "93"]
[EventDate "2005.04.01"]
[EventType "tourn"]
[EventRounds "1"]
[EventCountry "ESP"]
[Source "lmi"]
[SourceDate "2005.04.09"]

1. d4 Nf6 2. c4 g6 3. Nc3 Bg7 4. e4 d6 5. f3 O-O 6. Be3 c5 7. Nge2 Qa5 8. a3
Nc6 9. b4 cxb4 10. axb4 Qxb4 11. d5 Nxe4 12. fxe4 Bxc3+ 13. Nxc3 Qxc3+ 14. Bd2
Qd4 15. dxc6 Bg4 16. Qb1 bxc6 17. Ra3 Rab8 18. Qd3 Qe5 19. Be2 Bxe2 20. Kxe2 f5
21. Qc3 Qxe4+ 22. Kf2 Qh4+ 23. g3 Qf6 24. Rxa7 Rb2 25. Qxf6 Rxf6 26. Ke2 Re6+
27. Kd3 c5 28. Kc3 Rb4 29. Re1 Rxe1 30. Bxe1 Kf8 31. Bd2 Rb1 32. Bg5 Re1 33.
Kd3 Re4 34. Bh6+ Kf7 35. Ra8 Rd4+ 36. Kc3 Rg4 37. Rf8+ Ke6 38. Bf4 g5 39. h3
gxf4 40. hxg4 fxg3 41. gxf5+ Ke5 42. Kd3 h5 43. Ke3 h4 44. Kf3 d5 45. Rc8 dxc4
46. Rxc5+ Kd4 47. Rc7 1-0

[Event "13. Ciudad de Dos Hermanas C"]
[Site "Dos Hermanas ESP"]
[Date "2005.04.03"]
[Round "3.4"]
[White "Komljenovic, Davor"]
[Black "Fernandez Garcia, Jose Luis"]
[Result "1/2-1/2"]
[WhiteElo "2477"]
[BlackElo "2468"]
[PlyCount "61"]
[EventDate "2005.04.01"]
[EventType "tourn"]
[EventRounds "1"]
[EventCountry "ESP"]
[Source "lmi"]
[SourceDate "2005.04.09"]

1. c4 e5 2. Nc3 Nf6 3. g3 d5 4. cxd5 Nxd5 5. Bg2 Nb6 6. Nf3 Nc6 7. Rb1 Be7 8.
b4 a6 9. a3 O-O 10. O-O Re8 11. d3 Bf8 12. Ne4 Nd4 13. Nxd4 exd4 14. Bb2 c6 15.
Qd2 a5 16. bxa5 Na4 17. Ba1 Re5 18. Rb4 Qxa5 19. Bxd4 Re8 20. Be3 Bxb4 21. axb4
Qd8 22. Ra1 Be6 23. Qc2 Nb6 24. Rxa8 Qxa8 25. Bxb6 Qa1+ 26. Bf1 Bh3 27. Nd2
Rxe2 28. Qb1 Qxb1 29. Nxb1 Bxf1 30. Kxf1 Rb2 31. Na3 1/2-1/2

[Event "13. Ciudad de Dos Hermanas C"]
[Site "Dos Hermanas ESP"]
[Date "2005.04.04"]
[Round "4.3"]
[White "Garrido Dominguez, Jesus"]
[Black "Komljenovic, Davor"]
[Result "0-1"]
[WhiteElo "2315"]
[BlackElo "2477"]
[PlyCount "58"]
[EventDate "2005.04.01"]
[EventType "tourn"]
[EventRounds "1"]
[EventCountry "ESP"]
[Source "lmi"]
[SourceDate "2005.04.09"]

1. e4 e5 2. Nf3 Nc6 3. Bb5 Nf6 4. Bxc6 dxc6 5. d3 Bd6 6. Nbd2 c5 7. b3 Nd7 8.
Nc4 O-O 9. Bb2 Re8 10. a4 b6 11. Qd2 f6 12. h4 Nf8 13. h5 Ne6 14. Ne3 Nd4 15.
Nh4 Be6 16. Bxd4 exd4 17. Nef5 Qd7 18. Kf1 a6 19. Rh3 b5 20. Kg1 c4 21. bxc4
bxc4 22. c3 dxc3 23. Qxc3 Rab8 24. Rd1 Qxa4 25. Qd2 c3 26. Qe1 Bf4 27. Rc1 Bd2
28. Qf1 Bxc1 29. Qxc1 Bxf5 0-1

[Event "13. Ciudad de Dos Hermanas C"]
[Site "Dos Hermanas ESP"]
[Date "2005.04.04"]
[Round "4.4"]
[White "Gutierrez Jimenez, Juan Manuel"]
[Black "Kononenko, Tatiana"]
[Result "1/2-1/2"]
[WhiteElo "2150"]
[BlackElo "2416"]
[PlyCount "39"]
[EventDate "2005.04.01"]
[EventType "tourn"]
[EventRounds "1"]
[EventCountry "ESP"]
[Source "lmi"]
[SourceDate "2005.04.09"]

1. e4 e6 2. d4 d5 3. e5 c5 4. Nf3 Nc6 5. Bd3 cxd4 6. O-O Nge7 7. Bf4 Qb6 8.
Nbd2 Ng6 9. Bg3 Be7 10. Nb3 O-O 11. h4 f5 12. h5 Nh8 13. Bf4 Nf7 14. g3 Bd7 15.
a4 a6 16. a5 Qc7 17. Nbxd4 Nxd4 18. Nxd4 Ng5 19. Kg2 h6 20. c3 1/2-1/2

[Event "13. Ciudad de Dos Hermanas C"]
[Site "Dos Hermanas ESP"]
[Date "2005.04.04"]
[Round "4.5"]
[White "Hidalgo Begines, Pablo"]
[Black "Razmyslov, Alexander"]
[Result "0-1"]
[WhiteElo "2142"]
[BlackElo "2325"]
[PlyCount "80"]
[EventDate "2005.04.01"]
[EventType "tourn"]
[EventRounds "1"]
[EventCountry "ESP"]
[Source "lmi"]
[SourceDate "2005.04.09"]

1. d4 Nf6 2. Nf3 c5 3. c4 cxd4 4. Nxd4 e5 5. Nf3 Nc6 6. e3 d5 7. cxd5 Qxd5 8.
Qxd5 Nxd5 9. Bb5 f6 10. a3 Be6 11. Bd2 Rc8 12. Nc3 Nb6 13. Ne4 a6 14. Bxc6+
Rxc6 15. O-O Bd5 16. Nc3 Bxf3 17. gxf3 Nc4 18. Rfd1 Nxb2 19. Rdb1 Nc4 20. Be1
Nxa3 21. Rxb7 Nc2 22. Rc1 Nxe1 23. Rxe1 Rxc3 24. Ra7 Rc8 25. Rb1 Bc5 26. Rxg7
Kf8 27. Rbb7 Rc6 28. Kf1 a5 29. Rgf7+ Ke8 30. Rg7 Rc8 31. Rgf7 Rf8 32. Rxh7 a4
33. Rh4 Ra8 34. Rc4 a3 35. Rc1 Rf7 36. Rb5 Rc7 37. h4 Bxe3 38. Rxc7 a2 39. Rbb7
a1=Q+ 40. Kg2 Qa2 0-1

[Event "13. Ciudad de Dos Hermanas C"]
[Site "Dos Hermanas ESP"]
[Date "2005.04.05"]
[Round "5.1"]
[White "Razmyslov, Alexander"]
[Black "Escobar Dominguez, Daniel"]
[Result "1/2-1/2"]
[WhiteElo "2325"]
[BlackElo "2351"]
[PlyCount "24"]
[EventDate "2005.04.01"]
[EventType "tourn"]
[EventRounds "1"]
[EventCountry "ESP"]
[Source "lmi"]
[SourceDate "2005.04.09"]

1. c4 Nf6 2. Nc3 e6 3. e4 d5 4. e5 d4 5. exf6 dxc3 6. bxc3 Qxf6 7. d4 h6 8. Nf3
Nd7 9. Bd3 c5 10. O-O Bd6 11. Nd2 Qh4 12. g3 Qe7 1/2-1/2

[Event "13. Ciudad de Dos Hermanas C"]
[Site "Dos Hermanas ESP"]
[Date "2005.04.05"]
[Round "5.3"]
[White "Komljenovic, Davor"]
[Black "Gutierrez Jimenez, Juan Manuel"]
[Result "1-0"]
[WhiteElo "2477"]
[BlackElo "2150"]
[PlyCount "162"]
[EventDate "2005.04.01"]
[EventType "tourn"]
[EventRounds "1"]
[EventCountry "ESP"]
[Source "lmi"]
[SourceDate "2005.04.09"]

1. d4 Nf6 2. c4 b6 3. Nf3 Bb7 4. g3 e6 5. Bg2 Be7 6. O-O O-O 7. Bg5 c5 8. Nc3
Ne4 9. Bxe7 Qxe7 10. Nxe4 Bxe4 11. Qd2 d6 12. Qf4 Bb7 13. Rfd1 Nc6 14. d5 e5
15. Qe3 Nb8 16. Qg5 f6 17. Qc1 Bc8 18. e4 g6 19. Nh4 Na6 20. a3 Bd7 21. Qd2
Rab8 22. Bf1 Qd8 23. Ng2 Kg7 24. Bd3 h5 25. f4 Bh3 26. f5 Bxg2 27. Kxg2 g5 28.
h4 g4 29. b4 Kh7 30. Rdb1 Qe7 31. Rb2 Rfd8 32. Rab1 Rbc8 33. Qd1 Qd7 34. Qb3
Rf8 35. Be2 Rg8 36. Bd1 Qe8 37. Qa4 Qxa4 38. Bxa4 Rgd8 39. Bc6 Rb8 40. b5 Nc7
41. a4 Kg8 42. Kf2 Kf8 43. Ke3 Ke7 44. Kd3 Rg8 45. Rb3 Kd8 46. R1b2 Rg7 47. Kc2
Rg8 48. Kb1 Rg7 49. Ka2 Re7 50. Ka3 Rg7 51. a5 Re7 52. Ka4 Rg7 53. Ra3 Re7 54.
Kb3 Rg7 55. axb6 axb6 56. Rba2 Re7 57. Ra7 Rg7 58. Rb7 Rxb7 59. Bxb7 Nxb5 60.
Ra8+ Kc7 61. cxb5 Kxb7 62. Rf8 c4+ 63. Kc3 Rc7 64. Rxf6 Rc5 65. Rxd6 Rxb5 66.
Kxc4 Rc5+ 67. Kb4 Rc1 68. Re6 Rb1+ 69. Kc4 Rc1+ 70. Kd3 Rg1 71. Rxe5 Rxg3+ 72.
Kd4 Rf3 73. f6 Rxf6 74. Rxh5 g3 75. Rg5 Rh6 76. Rxg3 Rxh4 77. Rg7+ Kc8 78. d6
b5 79. Kd5 Rh1 80. e5 Rd1+ 81. Ke6 Rh1 1-0

[Event "13. Ciudad de Dos Hermanas C"]
[Site "Dos Hermanas ESP"]
[Date "2005.04.05"]
[Round "5.4"]
[White "Ivanov, Jordan"]
[Black "Garrido Dominguez, Jesus"]
[Result "1-0"]
[WhiteElo "2350"]
[BlackElo "2315"]
[PlyCount "47"]
[EventDate "2005.04.01"]
[EventType "tourn"]
[EventRounds "1"]
[EventCountry "ESP"]
[Source "lmi"]
[SourceDate "2005.04.09"]

1. d4 Nf6 2. c4 g6 3. Nc3 Bg7 4. e4 d6 5. h3 O-O 6. Nf3 e5 7. d5 a5 8. Bg5 Na6
9. Be2 Bd7 10. O-O h6 11. Be3 g5 12. Nh2 Nc5 13. Bxc5 dxc5 14. Ng4 Ne8 15. Ne3
Nd6 16. Bg4 Be8 17. Bf5 Rb8 18. Rc1 c6 19. dxc6 Bxc6 20. Qh5 Nxf5 21. Nxf5 Qf6
22. Nd5 Qe6 23. h4 gxh4 24. Qg4 1-0

[Event "13. Ciudad de Dos Hermanas C"]
[Site "Dos Hermanas ESP"]
[Date "2005.04.05"]
[Round "5.5"]
[White "Barrero Garcia, Carlos"]
[Black "Fernandez Garcia, Jose Luis"]
[Result "1/2-1/2"]
[WhiteElo "2337"]
[BlackElo "2468"]
[PlyCount "44"]
[EventDate "2005.04.01"]
[EventType "tourn"]
[EventRounds "1"]
[EventCountry "ESP"]
[Source "lmi"]
[SourceDate "2005.04.09"]

1. Nf3 g6 2. c4 Bg7 3. Nc3 c5 4. g3 Nc6 5. Bg2 Nh6 6. h4 d6 7. h5 Bg4 8. d3 Qd7
9. Nd5 O-O-O 10. Rb1 f5 11. b4 e6 12. bxc5 dxc5 13. Ne3 Bxh5 14. Qa4 Nf7 15.
Ba3 Bxf3 16. Bxf3 Nfe5 17. Bxc6 Qxc6 18. Qxc6+ Nxc6 19. Bxc5 h5 20. Nc2 g5 21.
Nb4 Bc3+ 22. Kf1 Bxb4 1/2-1/2

[Event "13. Ciudad de Dos Hermanas C"]
[Site "Dos Hermanas ESP"]
[Date "2005.04.06"]
[Round "6.1"]
[White "Escobar Dominguez, Daniel"]
[Black "Fernandez Garcia, Jose Luis"]
[Result "0-1"]
[WhiteElo "2351"]
[BlackElo "2468"]
[PlyCount "76"]
[EventDate "2005.04.01"]
[EventType "tourn"]
[EventRounds "1"]
[EventCountry "ESP"]
[Source "lmi"]
[SourceDate "2005.04.09"]

1. e4 Nf6 2. e5 Nd5 3. d4 d6 4. c4 Nb6 5. exd6 cxd6 6. Nc3 g6 7. Be3 Bg7 8. Rc1
O-O 9. b3 e5 10. Nf3 Nc6 11. d5 Ne7 12. c5 dxc5 13. Bxc5 Bg4 14. h3 Bxf3 15.
Qxf3 Rc8 16. Bxb6 Qxb6 17. Bc4 e4 18. Qxe4 Nf5 19. Qd3 Qa5 20. a4 a6 21. d6 b5
22. d7 Rcd8 23. axb5 axb5 24. Bxb5 Bxc3+ 25. Kf1 Bb2 26. Rd1 Nd4 27. Ba4 Ne6
28. Qc4 Qf5 29. b4 Ra8 30. Bc2 Qf6 31. Be4 Bd4 32. Bf3 Ra7 33. h4 Rxd7 34. h5
Rc7 35. Qe2 Rfc8 36. hxg6 hxg6 37. Be4 Rc1 38. f3 Qf4 0-1

[Event "13. Ciudad de Dos Hermanas C"]
[Site "Dos Hermanas ESP"]
[Date "2005.04.06"]
[Round "6.3"]
[White "Gutierrez Jimenez, Juan Manuel"]
[Black "Ivanov, Jordan"]
[Result "1-0"]
[WhiteElo "2150"]
[BlackElo "2350"]
[PlyCount "51"]
[EventDate "2005.04.01"]
[EventType "tourn"]
[EventRounds "1"]
[EventCountry "ESP"]
[Source "lmi"]
[SourceDate "2005.04.09"]

1. e4 c5 2. Nf3 e6 3. d4 cxd4 4. Nxd4 a6 5. g3 Nf6 6. Bg2 Qc7 7. Nc3 b5 8. O-O
Bb7 9. Re1 d6 10. a4 b4 11. Na2 Nbd7 12. Nxb4 Nc5 13. f3 e5 14. Nf5 Qb6 15. c3
Nxa4+ 16. Be3 Nc5 17. Nd3 Qc7 18. Nxc5 dxc5 19. Qa4+ Nd7 20. Red1 g6 21. Nh6
Bxh6 22. Bxh6 Ke7 23. Bg5+ Nf6 24. Rd7+ Qxd7 25. Bxf6+ Ke8 26. Bxh8 1-0